00371nam a2200145Ia 4500008004100000020001500041041001200056082001100068100001600079245006100095260003900156300000800195650000700203700001500210221030s9999 xx 000 0 und d a8131709771 aEnglish a105.23 aR. B. Yates 0aModern Information Retrievalcby R. B. Yates, B. R. Neto bPearson EdcuationaNew Delhic2008 a513 aIT aB. R. Neto